LEADER 01176nam a2200253 u 4500 001 000000091491 003 CaOOAMICUS 005 20070226124833.0 008 060321s1947 fr u000 u fre u 035 $a11082229 040 $aPUL(R)$bita 100 1 $aChéry, Henri-Charles,$cO.P.$0(OLS)http://pul/name/57170 245 10$aQu'est-ce que la messe? :$bPlans d'études suivis d'une enquète: pourquoi les baptisés n'assistent-ils pas à la Messe ? /$cpar H. Ch. Chéry. 250 $aNouvelle édition. 260 $aParis :$bEditions de la Revue des Jeunes,$c1947. 300 $a304 p. ;$c17 cm 490 1 $aInitiations ;$v4 650 4$aMessa.$0(OLS)http://pul/subject/743 830 0$aInitiations ;$v4.$0(OLS)http://pul/title/76536 850 $aPUL 852 $aPUL$W1$xDP1 Fondo Gelio$y54$m6 A 6$j42546$nBK-PRI$b $qFondi$B115233$CPULBib$Z2$F115233 $H $81 941 1 $a1 996 $6245$aQu'est-ce que la messe? :$bPlans d'études suivis d'une enquète: pourquoi les baptisés n'assistent-ils pas à la Messe ?$9(OLS)http://pul/title/118083 996 $6260$aParis :$bEditions de la Revue des Jeunes$9(OLS)http://pul/publisher/77750 LEADER 01270nam a2200301 u 4500 001 000000047994 003 CaOOAMICUS 005 20070226114940.0 008 000320s1999 it u000 u ita u 020 $a8831101242 035 $a10843899 040 $aPUL$bita 100 1 $aFinamore, Rosanna,$d1948-$0(OLS)http://pul/name/34853 245 10$aArte e formatività :$bl'estetica di L. Pareyson /$cRosanna Finamore ; prefazione di Xavier Tiliette. 260 $aRoma :$bCittà Nuova,$cc1999. 300 $a229 p. ;$c22 cm 490 1 $aIdee.$aFilosofia ;$v124 500 $aContiene indici. 600 14$aPareyson, Luigi,$d1918-1991.$0(OLS)http://pul/subject/18846 700 1 $aTilliette, Xavier,$cS.I.,$d1921-$0(OLS)http://pul/name/31098 830 0$aIdee.$pFilosofia ;$v124.$0(OLS)http://pul/title/10408 850 $aPUL 852 $aPUL$W1$xSL Filosofia 2$y80$mPhil A15 124$j64036$nBK-PRI$b $qStampati altre collocazioni$B64036$CPULBib$Z2$F64036 $H $81 941 1 $a10 961 $aINV: 80938 996 $6020$a8831101242$9(OLS)http://pul/number/60167 996 $6245$aArte e formatività :$bl'estetica di L. Pareyson$9(OLS)http://pul/title/64620 996 $6260$aRoma :$bCittà Nuova$9(OLS)http://pul/publisher/47927